|
|
|
|
| LEADER |
00000nab a2200000 ar4500 |
| 001 |
vtls008640555 |
| 003 |
SK-MaSNL |
| 005 |
20260303072420.0 |
| 008 |
060330c20060317xo |||||||||||000 b|slo |
| 015 |
|
|
|a SNBRB2006/03
|2 snkbucl
|
| 038 |
|
|
|a SNKBUCL
|
| 040 |
|
|
|a SNKBUCL
|b slo
|c SNKBUCL
|e AACR2
|
| 041 |
0 |
|
|a slo
|
| 044 |
|
|
|a xo
|c SK
|
| 080 |
|
|
|a 633.15:631.8
|2 1997
|
| 080 |
|
|
|a 631.8
|2 1997
|
| 100 |
1 |
|
|a Hrčková, Katarína
|4 aut
|9 11314
|
| 245 |
1 |
0 |
|a Zásady hnojenia kukurice siatej
|c Katarína Hrčková
|
| 650 |
0 |
7 |
|a kukurica
|2 snkbucl
|9 16138
|
| 650 |
0 |
7 |
|a výživa rastlín
|2 snkbucl
|9 19926
|
| 650 |
0 |
7 |
|a hnojenie
|2 snkbucl
|9 14850
|
| 773 |
0 |
|
|t Sme. Roľnícke noviny
|g Č. 64 (17.3.2006)
|x 1335-440X
|
| 773 |
0 |
8 |
|i Príl.:
|t Roľnícke noviny
|g Č. 12 (17.3.2006), s. 7 a 12
|
| 852 |
|
|
|a SNK
|b KIS3GCP
|
| 999 |
|
|
|c 1763348
|d 1765278
|